| 000 | 004870000a22001930004500 | ||
|---|---|---|---|
| 999 |
_c48962 _d48962 |
||
| 001 | 1806 | ||
| 003 | CO-MdFUSB | ||
| 005 | 20180713151847.0 | ||
| 008 | 180713b xxu||||| |||| 00| 0 eng d | ||
| 020 | _a84-239-1531-X | ||
| 040 | _cCO-MdBIC | ||
| 082 | 0 | 4 | _a861P G16ca |
| 100 | 1 | _aGarcía Lorca, Federico | |
| 245 | 1 | 0 | _aCanciones. Poemas sueltos. Varia / Federico García Lorca |
| 260 | _aMadrid : Espasa-Calpe | ||
| 300 | _a215 P. | ||
| 650 | 1 | 4 | _aPoesía española |
| 942 | _cLGB | ||